[Event "Canadian Open"]
[Site "Kitchener CAN"]
[Date "2006.07.16"]
[Round "2"]
[White "Buscar,M"]
[Black "Corrales,Fi"]
[Result "0-1"]
[WhiteElo "2127"]
[BlackElo "2492"]

1.d4 Nf6 2.Nf3 e6 3.c4 b6 4.Nc3 Bb7 5.e3 d5 6.Bd3 Nbd7 7.O-O Bd6 8.Qe2 Ne4
9.Nd2 O-O 10.f4 f5 11.Nf3 Ndf6 12.Bd2 c5 13.Rac1 Qe7 14.a3 Rac8 15.Be1 Ba6
16.Bh4 cxd4 17.Nxd4 Nc5 18.Ncb5 Nxd3 19.Qxd3 dxc4 20.Rxc4 Bc5 21.a4 Rcd8
22.Rfc1 e5 23.fxe5 Qxe5 24.Qxf5 Bxd4 25.Nxd4 Qxf5 26.Nxf5 Bxc4 27.Rxc4 Rd1+
28.Kf2 Rd2+ 29.Kf3 Nd7 30.Rf4 g6 31.Be1 Ne5+ 32.Kg3 Re2 33.Ne7+ Kg7 34.Bc3 Rxe3+
35.Kf2 Rxc3  0-1

[Event "XI Open"]
[Site "Balaguer ESP"]
[Date "2006.07.18"]
[Round "2"]
[White "Roeder,M"]
[Black "Bruned,B"]
[Result "1-0"]
[WhiteElo "2423"]
[BlackElo "2203"]

1.Nf3 Nf6 2.c4 e6 3.d4 b6 4.Nc3 Bb4 5.Bg5 Bb7 6.e3 h6 7.Bh4 Bxc3+ 8.bxc3 d6
9.Nd2 g5 10.Bg3 Nc6 11.h4 Rg8 12.hxg5 hxg5 13.Rh6 Qe7 14.Qf3 Rg6 15.Rh8+ Rg8
16.Rxg8+ Nxg8 17.c5 dxc5 18.Ba6 g4 19.Bxb7 gxf3 20.Bxc6+ Kf8 21.Bxa8 Nh6
22.Bxf3 Nf5 23.Bf4 f6 24.g4 e5 25.dxe5 fxe5 26.gxf5 exf4 27.Ne4 Qe5 28.f6 fxe3
29.Ke2 exf2 30.Rh1 f1=Q+ 31.Kxf1 Qf4 32.Ke2 c4 33.Rh5 Kf7 34.Rh7+ Kg8 35.Rg7+ Kf8
36.Ng5 Qe5+ 37.Kd1 Qd6+ 38.Kc1 Qf4+ 39.Kb1 Qf5+ 40.Kb2 Qxf6 41.Rf7+ Qxf7
42.Nxf7 Kxf7 43.Bd5+ Ke7 44.Bxc4 a5 45.Kb3 Kd6 46.a4 Kc5 47.Bf7 c6 48.Bg8 b5
49.Bf7 Kb6 50.Bh5 Kc5 51.Be2 Kb6 52.c4 b4 53.Kc2 Kc5 54.Kd3 b3 55.Kc3 b2
56.Bd3 Kd6 57.Kxb2 Ke5 58.Kc3 c5 59.Bh7 Kf4 60.Kd3 Kf3 61.Bg6 Kf4 62.Be4 Kg3
63.Ke3 Kg4 64.Bh7 Kg5 65.Ke4 Kf6 66.Kd5  1-0

[Event "Inautomarket Open"]
[Site "Minsk BLR"]
[Date "2006.07.18"]
[Round "9"]
[White "Lutsko,I"]
[Black "Litvinov,Vl"]
[Result "1-0"]
[WhiteElo "2452"]
[BlackElo "2330"]

1.d4 Nf6 2.c4 e6 3.Nf3 b6 4.Nc3 Bb7 5.Bg5 d5 6.e3 Be7 7.Qa4+ c6 8.cxd5 exd5
9.Bd3 O-O 10.Qc2 Nbd7 11.Ne5 g6 12.f3 Nh5 13.Bh6 Ng7 14.O-O-O b5 15.h4 b4
16.h5 bxc3 17.hxg6 Nxe5 18.dxe5 f5 19.Bxg7 Kxg7 20.Rxh7+ Kg8 21.g4 Qb6 22.Rxe7 Rae8
23.Rh7 Qxe3+ 24.Kb1 Bc8 25.Qh2 Qxe5 26.f4 Qf6 27.g7  1-0

[Event "Inautomarket Open"]
[Site "Minsk BLR"]
[Date "2006.07.18"]
[Round "9"]
[White "Gagarin,V"]
[Black "Podolchenko,E"]
[Result "0-1"]
[WhiteElo "2425"]
[BlackElo "2270"]

1.d4 Nf6 2.c4 e6 3.Nf3 b6 4.Nc3 Bb4 5.Qc2 Bb7 6.a3 Bxc3+ 7.Qxc3 d6 8.e3 Nbd7
9.Be2 O-O 10.O-O Ne4 11.Qc2 f5 12.b4 Rf6 13.d5 exd5 14.Bb2 Rf7 15.Rad1 c6
16.cxd5 cxd5 17.Nd4 Rc8 18.Qb3 Qe7 19.f3 Nc3 20.Rd3 Nxe2+ 21.Nxe2 Ba6 22.Rd2 Bc4
23.Qc3 Re8 24.Rfd1 Qxe3+ 25.Qxe3 Rxe3 26.Nc3 Nf6 27.a4 Rfe7 28.Nb5 Ne8 29.Nd4 g6
30.Nc6 Rc7 31.b5 Ng7 32.Kf2 f4 33.g3 Nf5 34.gxf4 Rb3 35.Re1 a6 36.Re8+ Kf7
37.Rh8 Ke6 38.Nd4+ Nxd4 39.Bxd4 axb5 40.Bxb6 Rf7 41.a5 Ra3 42.Rd1 b4 43.Re1+ Kf5
44.Kg3 g5 45.fxg5 Kxg5 46.Rg8+ Kh5 47.Be3 h6 48.Bf4 d4 49.Rg4 Bd5 50.Rh4+ Kg6
51.Rxh6+ Kg7 52.Bg5 Bxf3 53.Rxd6 Bb7+ 54.Kh4 Bc8 55.Bh6+ Kh7 56.Re5 Rh3+
57.Kg5 Rxh2 58.Rc5 Bf5 59.a6 Bg6 60.Kg4 Rxh6 61.Rxd4 b3 62.Rb4 Bd3 63.Rb7 Be2+
64.Kg3 Rg6+ 65.Kh2 Rgg7 66.Rxf7 Rxf7 67.Rc6 Bd1 68.Rb6 Rf8 69.a7 Rf2+ 70.Kg3 Ra2
71.Rb7+ Kg6 72.Kf4 Kf6 73.Ke4 Ra4+ 74.Kd3 Bc2+ 75.Kc3 Ke6 76.Kb2 Kd6 77.Rf7 Kc6
78.Rf6+ Kb7 79.Rf7+ Kb6 80.Rf1 Rxa7 81.Rh1 Rd7 82.Kc3 Kc5 83.Rh5+ Rd5 84.Rh2 Rd3+
85.Kb2 Kc4 86.Rh4+ Rd4 87.Rh8 Bf5 88.Rh2 Rf4 89.Rg2 Rf1  0-1

[Event "Canadian Open"]
[Site "Kitchener CAN"]
[Date "2006.07.20"]
[Round "6"]
[White "Corrales,Fi"]
[Black "Shetty,R"]
[Result "1-0"]
[WhiteElo "2492"]
[BlackElo "2269"]

1.d4 Nf6 2.c4 e6 3.Nf3 b6 4.Nc3 Bb7 5.e3 d5 6.cxd5 exd5 7.Bd3 Be7 8.O-O O-O
9.Bd2 c5 10.Rc1 Nc6 11.b3 cxd4 12.Nxd4 Nxd4 13.exd4 Ne4 14.Bf4 Rc8 15.Ne2 Bd6
16.Rxc8 Bxc8 17.Qc2 Bxf4 18.Nxf4 Bb7 19.Rc1 g6 20.Bxe4 dxe4 21.d5 Qg5 22.Qxe4 Bxd5
23.h4 Qh6 24.Qe5 Ba8 25.Rc7 a5 26.Qf6 b5 27.f3  1-0

[Event "Czech Open A"]
[Site "Pardubice CZE"]
[Date "2006.07.21"]
[Round "1"]
[White "Mikhalevski,A"]
[Black "Mickevicius,J"]
[Result "1-0"]
[WhiteElo "2437"]
[BlackElo "2246"]

1.d4 Nf6 2.c4 e6 3.Nf3 b6 4.Nc3 Bb7 5.a3 Be7 6.d5 d6 7.e4 O-O 8.Bd3 e5 9.O-O a5
10.Rb1 Nbd7 11.b4 g6 12.Bh6 Re8 13.h3 Nh5 14.Ne2 Bf8 15.Bd2 axb4 16.axb4 f5
17.Ng5 fxe4 18.Bxe4 Ndf6 19.Bf3 Ng7 20.Nc3 Ba6 21.Qb3 Nf5 22.Ne6 Nd4 23.Nxd4 exd4
24.Ne2 Ne4 25.Bxe4 Rxe4 26.Qd3 Qh4 27.g3 Qe7 28.Nxd4 Bg7 29.Nc6 Qe8 30.Rfe1 Rxe1+
31.Rxe1 Qd7 32.Re7 Qxh3 33.Rxg7+ Kxg7 34.Qd4+ Kf7 35.Bc3  1-0

[Event "10th Battle of Senta 1697 Open"]
[Site "Senta SCG"]
[Date "2006.07.21"]
[Round "1"]
[White "Stevanovic,S"]
[Black "Sakic,S"]
[Result "0-1"]
[WhiteElo "2253"]
[BlackElo "1981"]

1.d4 Nf6 2.Nf3 e6 3.c4 b6 4.Nc3 Bb7 5.Bg5 d5 6.e3 Be7 7.Bxf6 Bxf6 8.cxd5 Bxd5
9.Qa4+ Bc6 10.Bb5 Bxb5 11.Qxb5+ c6 12.Qa4 O-O 13.O-O Qe7 14.Rac1 Rc8 15.e4 g6
16.e5 Bg7 17.Ne4 Bf8 18.Rc3 Qb7 19.Rcc1 Kg7 20.a3 Be7 21.Qc2 Rd8 22.Qd2 c5
23.Qf4 Na6 24.dxc5 Nxc5 25.Nxc5 Bxc5 26.h4 Rac8 27.Rxc5 bxc5 28.Qf6+ Kg8
29.h5 Qxb2 30.Re1 gxh5 31.Ng5 Rd7 32.Qh6 Qc2 33.Ne4 Kh8 34.Qf6+ Kg8 35.Qh6 Kh8
36.Qf6+ Kg8 37.Re3 h4 38.Qxh4  0-1

[Event "XLVIII TCh-POR"]
[Site "Evora POR"]
[Date "2006.07.24"]
[Round "3"]
[White "Cadillon,J"]
[Black "Dias,P"]
[Result "0-1"]
[WhiteElo "1882"]
[BlackElo "2363"]

1.Nf3 Nf6 2.d4 e6 3.c4 b6 4.Nc3 Bb4 5.Qc2 Bb7 6.Bg5 O-O 7.a3 Bxc3+ 8.Qxc3 d6
9.Rd1 Ne4 10.Bxd8 Nxc3 11.bxc3 Rxd8 12.d5 Nd7 13.e3 e5 14.Be2 Rac8 15.O-O Kf8
16.Nd2 f5 17.e4 f4 18.Bg4 Ke7 19.Nf3 Ba6 20.Nd2 c6 21.Be2 Nc5 22.f3 Na4 23.Nb1 cxd5
24.exd5 Bxc4 25.Bxc4 Rxc4 26.Rd3 Rdc8 27.Rc1 Nc5 28.Rdd1 Nb3 29.Rc2 Rd4 30.cxd4 Rxc2
31.dxe5 dxe5 32.d6+ Kd7 33.h4 a5 34.Kh2 Rc1  0-1

[Event "Czech Open A"]
[Site "Pardubice CZE"]
[Date "2006.07.24"]
[Round "4"]
[White "Jaracz,P"]
[Black "Kryschilovskij,A"]
[Result "1-0"]
[WhiteElo "2485"]
[BlackElo "2357"]

1.Nf3 Nf6 2.c4 e6 3.d4 b6 4.Nc3 Bb7 5.a3 d5 6.Bg5 Be7 7.Bxf6 Bxf6 8.cxd5 exd5
9.Qa4+ c6 10.g3 O-O 11.Bg2 Re8 12.O-O Na6 13.Rfd1 Nc7 14.e3 Qe7 15.Ne1 h5
16.b4 h4 17.Qb3 Rad8 18.a4 Rd6 19.Ra2 Bg5 20.Re2 Bc8 21.b5 cxb5 22.axb5 Bg4
23.Bf3 Qd7 24.e4 hxg3 25.fxg3 dxe4 26.Nxe4 Rxd4 27.Bxg4 Qxg4 28.Nxg5 Qxe2
29.Qxf7+ Kh8 30.Qg6  1-0

[Event "10th Battle of Senta 1697 Open"]
[Site "Senta SCG"]
[Date "2006.07.24"]
[Round "5"]
[White "Stevanovic,S"]
[Black "Kosa,J"]
[Result "1/2-1/2"]
[WhiteElo "2253"]
[BlackElo "2130"]

1.d4 Nf6 2.Nf3 e6 3.c4 b6 4.Nc3 Bb7 5.Bg5 Bb4 6.e3 h6 7.Bh4 O-O 8.Qc2 d5
9.a3 Be7 10.Bxf6 Bxf6 11.cxd5 exd5 12.Bd3 c5 13.O-O cxd4 14.exd4 Nc6 15.Rad1 Rc8
16.b4 Ne7 17.Qd2 Qd6 18.Rfe1 Bc6 19.Ne5 Bd7 20.Nb5 Bxb5 21.Bxb5 Rc7 22.Ba6 Rb8  1/2-1/2

[Event "32nd Open"]
[Site "Sitges ESP"]
[Date "2006.07.24"]
[Round "4"]
[White "Epishin,V"]
[Black "Panelo,M"]
[Result "1-0"]
[WhiteElo "2555"]
[BlackElo "2418"]

1.d4 Nf6 2.c4 e6 3.Nf3 b6 4.Nc3 Bb4 5.Bg5 Bb7 6.Nd2 h6 7.Bh4 g5 8.Bg3 d6
9.f3 Nbd7 10.e4 Bxc3 11.bxc3 Qe7 12.c5 bxc5 13.Nb3 Nh5 14.Bf2 a5 15.dxc5 Qf6
16.cxd6 Qxc3+ 17.Nd2 Ne5 18.d7+ Kd8 19.Rb1 Bc6 20.Rb3  1-0

[Event "MTO Open"]
[Site "Biel SUI"]
[Date "2006.07.26"]
[Round "3"]
[White "Adianto,U"]
[Black "Jenni,F"]
[Result "1-0"]
[WhiteElo "2580"]
[BlackElo "2481"]

1.d4 Nf6 2.Nf3 e6 3.c4 b6 4.Nc3 Bb4 5.Bg5 Bb7 6.e3 h6 7.Bh4 Bxc3+ 8.bxc3 d6
9.Nd2 e5 10.c5 exd4 11.cxd4 dxc5 12.dxc5 Nbd7 13.Rc1 Nxc5 14.Rxc5 bxc5 15.Bb5+ Kf8
16.Qc2 Qd5 17.f3 Qe5 18.O-O Qxe3+ 19.Bf2 Qg5 20.h4 Qd5 21.Nb3 Rd8 22.Nxc5 Bc8
23.Bc4 Qf5 24.Qb3 Nd7 25.Nxd7+ Qxd7 26.Re1 Kg8 27.h5 Kh7 28.Bxf7 Rhf8 29.Bg6+ Kh8
30.Bc5 Qd2 31.Qe3 Qxe3+ 32.Rxe3 Rf4 33.Re7 Bf5 34.Be3 Bxg6 35.Bxf4 Bxh5 36.Be5 Re8
37.Bxg7+ Kg8 38.Rxc7 Re6 39.Rxa7 Rg6 40.g4 Bxg4 41.fxg4 Rxg4+ 42.Kf2 Rf4+
43.Ke3 Rf7 44.Rxf7 Kxf7 45.Be5  1-0

[Event "Sunny Pawn Open"]
[Site "Illichevsk UKR"]
[Date "2006.07.29"]
[Round "9"]
[White "Opinca,S"]
[Black "Lukinov,D"]
[Result "1/2-1/2"]
[WhiteElo "2105"]
[BlackElo "2141"]

1.d4 Nf6 2.c4 e6 3.Nf3 b6 4.Nc3 Bb4 5.Bg5 h6 6.Bh4 Bb7 7.Nd2 c5 8.d5 Bxc3
9.bxc3 exd5 10.cxd5 Bxd5 11.e4 Qe7 12.Bxf6 gxf6 13.Be2 Be6 14.O-O Nc6 15.f4 f5
16.exf5 Bxf5 17.Nc4 O-O 18.Nd6 Nd4 19.Nxf5 Nxf5 20.Bd3 Ne3 21.Qe1 Rae8 22.Qg3+ Kh8
23.Rfe1 Rg8 24.Qh3 Qe6 25.f5 Qc6 26.Re2 c4 27.f6 Rxg2+ 28.Rxg2 Qxg2+ 29.Qxg2 Nxg2
30.Bxc4 Nh4 31.Rd1 Nf3+ 32.Kf2 Ne5 33.Bb5 Re6 34.Bxd7 Rxf6+ 35.Ke3 Nxd7 36.Rxd7 a6
37.c4 Kg7 38.Ra7 a5 39.c5 bxc5 40.Rxa5 Rf5 41.Ra6 Rh5 42.Kd3 Rxh2 43.Kc4 Rc2+
44.Kb3 Rd2 45.Rc6 f5 46.Rxc5 Kg6 47.a4 Kg5 48.a5 Kg4 49.a6 f4 50.a7 Rd8 51.Ra5 Ra8
52.Kc2 f3 53.Kd2 Kg3 54.Ra6 Kf2 55.Kd3 h5 56.Ke4 h4 57.Kf4 Kg2 58.Rg6+ Kh3
59.Kxf3 Rxa7 60.Kf2 Ra2+ 61.Kg1 Rg2+  1/2-1/2

[Event "Czech Open A"]
[Site "Pardubice CZE"]
[Date "2006.07.29"]
[Round "9"]
[White "Jovanic,O"]
[Black "Malinovsky,K"]
[Result "1/2-1/2"]
[WhiteElo "2464"]
[BlackElo "2346"]

1.d4 Nf6 2.c4 e6 3.Nf3 b6 4.Nc3 Bb7 5.Bg5 Be7 6.e3 h6 7.Bh4 Ne4 8.Nxe4 Bxe4
9.Bg3 d6 10.Bd3 Bb7 11.e4 Nd7 12.O-O O-O 13.Bc2 Re8 14.Qd3 g6 15.Rad1 Bf8
16.Rfe1 Bg7 17.Ba4 Rf8 18.Qe3 Kh7 19.h4 Qe7 20.h5 e5 21.Bxd7 exd4 22.Nxd4 Qxd7
23.b3 Qg4 24.Nb5 Rfc8 25.Qf4 Qxf4 26.hxg6+ fxg6 27.Bxf4 a6 28.Nd4 Re8 29.f3 Re7
30.Ne2 Bf6 31.Be3 h5 32.Bd4 Bxd4+ 33.Nxd4 Re5 34.Nc2 Rf8 35.Ne3 g5 36.Nd5 Rf7
37.Kf2 Kg6 38.Ke3 h4 39.g3 hxg3 40.Rg1 Bxd5 41.cxd5 Rh7 42.Rxg3 Kf6 43.Rf1 Re8
44.Rfg1 Re5 45.Rg4 Rh3 46.b4 a5 47.bxa5 bxa5 48.R1g3 Rxg3 49.Rxg3 c6 50.dxc6 Rc5
51.f4 gxf4+ 52.Kxf4 Rxc6 53.Rd3 Ke6  1/2-1/2

[Event "15th Open A"]
[Site "Vienna AUT"]
[Date "2006.07.29"]
[Round "1"]
[White "Kummer,Hel"]
[Black "Schatzl,F"]
[Result "1-0"]
[WhiteElo "2335"]
[BlackElo "2073"]

1.d4 Nf6 2.c4 e6 3.Nf3 b6 4.Nc3 Bb4 5.Bg5 Bb7 6.e3 O-O 7.Bd3 d5 8.cxd5 exd5
9.Ne5 h6 10.h4 Be7 11.Qf3 c5 12.O-O-O Nc6 13.Bxf6 Bxf6 14.Qf5 Re8 15.Nd7 g6
16.Nxf6+ Kh8 17.Qf4  1-0

[Event "15th Open A"]
[Site "Vienna AUT"]
[Date "2006.07.30"]
[Round "2"]
[White "Gofshtein,Z"]
[Black "Meier,V"]
[Result "1-0"]
[WhiteElo "2521"]
[BlackElo "2264"]

1.d4 Nf6 2.Nf3 e6 3.c4 b6 4.Nc3 Bb4 5.Bg5 h6 6.Bh4 Bxc3+ 7.bxc3 Bb7 8.Nd2 d6
9.f3 Qe7 10.e4 e5 11.Be2 Nc6 12.Nb3 O-O-O 13.a4 a5 14.O-O g5 15.Bf2 Nh5 16.Re1 Nf4
17.Bf1 h5 18.g3 Ng6 19.Qb1 Ba6 20.c5 Bxf1 21.Rxf1 exd4 22.cxb6 dxc3 23.Nd4 Nge5
24.Nxc6 Nxc6 25.Qb5 Nb4 26.bxc7 Qxc7 27.Bb6 Qc6 28.Bxa5 Qxb5 29.axb5 Nd3
30.Bxd8 Rxd8 31.Ra3 Kb7 32.Rxc3 Ne5 33.Rd1 g4 34.f4 Nf3+ 35.Rxf3 gxf3 36.Kf2 h4
37.gxh4 Rh8 38.Rxd6 Rxh4 39.Kxf3 Rxh2 40.Rd7+ Kb6 41.Rxf7 Kxb5 42.e5  1-0

[Event "MTO Open"]
[Site "Biel SUI"]
[Date "2006.07.31"]
[Round "7"]
[White "Roiz,M"]
[Black "Jenni,F"]
[Result "1-0"]
[WhiteElo "2611"]
[BlackElo "2481"]

1.Nf3 Nf6 2.c4 e6 3.d4 b6 4.Nc3 Bb4 5.Qc2 Bb7 6.a3 Bxc3+ 7.Qxc3 d6 8.e3 Nbd7
9.Be2 O-O 10.O-O a5 11.b3 Re8 12.Bb2 Qe7 13.Rad1 e5 14.d5 c6 15.dxc6 Bxc6
16.b4 Rec8 17.Qd2 axb4 18.axb4 Ra2 19.Ra1 Ne4 20.Qc2 Rca8 21.Qb3 Rxa1 22.Rxa1 Rxa1+
23.Bxa1 g5 24.Qd1 Qf6 25.Qe1 g4 26.Nd2 Nxd2 27.Qxd2 Qg6 28.Bc3 h5 29.Qd1 Nf8
30.Kf1 Qe6 31.b5 Bb7 32.Bb4 d5 33.Qa1 dxc4 34.Qa7 Qc8 35.Qxb6 c3 36.Qc5 Qxc5
37.Bxc5 Ne6 38.Ba3 f6 39.Bd3 e4 40.Bc4 Kf7 41.Ke2 f5 42.Bb4 h4 43.Kd1 h3
44.gxh3 gxh3 45.Kc2 f4 46.Kxc3 fxe3 47.fxe3 Kf6 48.Bd6 Kf5 49.Kb4  1-0

[Event "Independence Cup A"]
[Site "Kyiv UKR"]
[Date "2006.08.21"]
[Round "9"]
[White "Taborov,B"]
[Black "Poluektov,Y2"]
[Result "0-1"]
[WhiteElo "2446"]
[BlackElo "2365"]

1.d4 e6 2.c4 Nf6 3.Nf3 b6 4.Nc3 Bb7 5.Bg5 Bb4 6.e3 h6 7.Bh4 Qe7 8.Bd3 Bxc3+
9.bxc3 d6 10.O-O Nbd7 11.Nd2 e5 12.e4 g5 13.Bg3 O-O-O 14.Re1 h5 15.f3 Rdg8
16.Nf1 h4 17.Bf2 g4 18.Ne3 g3 19.hxg3 hxg3 20.Bxg3 Nh5 21.Bh2 Qh4 22.Bf1 Nhf6
23.Bxe5 dxe5 24.Nf5 Qh2+ 25.Kf2 Kb8 26.c5 Qf4 27.Qa4 Nxe4+ 28.Rxe4 Bxe4 29.Ne3 Bxf3
30.gxf3 Nxc5 31.Qc6 Rh2+ 32.Bg2 Rhxg2+  0-1

[Event "6th Open"]
[Site "Velika Gorica CRO"]
[Date "2006.08.22"]
[Round "5"]
[White "Zaja,I"]
[Black "Frank,V"]
[Result "1-0"]
[WhiteElo "2445"]
[BlackElo "2254"]

1.d4 Nf6 2.c4 e6 3.Nf3 b6 4.Nc3 Bb7 5.Bg5 Be7 6.Qc2 c5 7.e4 cxd4 8.Nxd4 d6
9.O-O-O Nbd7 10.Ndb5 Qb8 11.Qd2 Bxe4 12.Nxd6+ Qxd6 13.Qxd6 Bxd6 14.Rxd6 h6
15.Be3 Bb7 16.f3 Ke7 17.Rd2 Rhc8 18.b3 Nd5 19.Nxd5+ Bxd5 20.Kb2 Bb7 21.Be2 Rd8
22.Rhd1 Nf6 23.c5 Rxd2+ 24.Rxd2 Nd5 25.Bd4 bxc5 26.Bxc5+ Kd7 27.b4 a6 28.a4 Bc6
29.Kb3 Kc7 30.Rc2 Kd7 31.g3 g6 32.Bc4 h5 33.h4 Bb7 34.Bd4 Rc8 35.Rd2 Ne7
36.Be2 Bd5+ 37.Kb2 Bc4 38.Bc5+ Bd5 39.Bxa6 Rb8 40.Bc4 Kc6 41.Kc3 Nf5 42.Bf2 Bxf3
43.b5+ Kc7 44.a5 Nd6 45.Bb6+ Kd7 46.Bc5 Bd5 47.Bxd6 Rc8 48.Rd4 Kxd6 49.Kb4 Rxc4+
50.Rxc4 Bxc4 51.Kxc4 e5 52.a6 Kc7 53.Kc5 e4 54.b6+ Kb8 55.Kc6 e3 56.b7 e2
57.Kb6 e1=Q 58.a7+  1-0

[Event "Lichtenberger Sommer"]
[Site "Berlin GER"]
[Date "2006.08.25"]
[Round "7"]
[White "Kalinitschew,S"]
[Black "Tahiri,D"]
[Result "1/2-1/2"]
[WhiteElo "2499"]
[BlackElo "2099"]

1.d4 Nf6 2.Nf3 e6 3.c4 b6 4.Nc3 Bb4 5.Qb3 Na6 6.a3 Bxc3+ 7.Qxc3 c5 8.d5 d6
9.dxe6 fxe6 10.g3 O-O 11.Bg2 Ne4 12.Qc2 d5 13.O-O Bb7 14.Bf4 Qe7 15.Rad1 Rad8
16.h4 Nb8 17.Ng5 Nf6 18.Bxb8 Rxb8 19.cxd5 exd5 20.e3 h6 21.Nh3 Rbd8 22.Nf4 Qf7
23.Bf3 Rd6 24.h5 Rfd8 25.b4 Nd7 26.Bg2 Rc8 27.Qa4 a6 28.Rd2 Nf6 29.Rfd1 b5
30.Qb3 c4 31.Qc3 Rcd8 32.Qe5 Ng4 33.Qd4 Nf6 34.Bf3 R8d7 35.Qe5 Rd8 36.Qc3 R8d7
37.Rd4 Nh7 38.e4 Ng5 39.Bg2 Ne6 40.Nxe6 Qxe6 41.e5 Qxe5 42.Re1 Qxh5 43.Qe3 Rd8
44.Bf3 Qf7 45.Qe2 Qf6 46.Rf4 Qg5 47.Bh5 Bc8 48.Bf7+ Kh8 49.Qe8+ Rxe8 50.Rxe8+ Kh7
51.Bg8+ Kg6 52.Rxc8  1/2-1/2

[Event "6th Open"]
[Site "Velika Gorica CRO"]
[Date "2006.08.25"]
[Round "8"]
[White "Jovanic,O"]
[Black "Rukavina,Dar"]
[Result "1-0"]
[WhiteElo "2464"]
[BlackElo "2288"]

1.d4 Nf6 2.c4 e6 3.Nf3 b6 4.Nc3 Bb4 5.Qb3 c5 6.a3 Bxc3+ 7.Qxc3 O-O 8.dxc5 bxc5
9.Bg5 Nc6 10.Nd2 d5 11.cxd5 Nxd5 12.Bxd8 Nxc3 13.Bc7 Na4 14.b3 Nb6 15.Bd6 Rd8
16.Bxc5 Ba6 17.e3 Bxf1 18.Rxf1 Rd5 19.Bxb6 axb6 20.Ke2 Kf8 21.Rfc1 Ne5 22.Rc3 Rad8
23.Ra2 Nd3 24.f3 f5 25.g3 Kf7 26.Nc4 b5 27.Rxd3 bxc4 28.Rxd5 exd5 29.bxc4 dxc4
30.a4 Ra8 31.a5 Ke6 32.a6 Ra7 33.Kd2 Kd5 34.Kc3 Kc5 35.Ra4 Kb5 36.Rb4+ Ka5
37.Rxc4 Re7 38.a7 Rxa7 39.Rc5+ Kb6 40.Rxf5 Kc6 41.e4 Kd6 42.Kd4 Ra4+ 43.Ke3 Ke6
44.h4 g6 45.Rb5 h6 46.Rb6+ Kf7 47.h5 Ra3+ 48.Kf4 g5+ 49.Kg4 Kg7 50.Rb7+ Kg8
51.f4 gxf4 52.gxf4 Ra1 53.e5 Rg1+ 54.Kf5 Rh1 55.e6  1-0

[Event "TCh-Serbia"]
[Site "Zlatibor SCG"]
[Date "2006.08.28"]
[Round "3"]
[White "Jeremic,V"]
[Black "Tadic,B"]
[Result "1/2-1/2"]
[WhiteElo "2527"]
[BlackElo "2487"]

1.d4 Nf6 2.c4 e6 3.Nf3 b6 4.Nc3 Bb7 5.g3 Be7 6.Bg2 O-O 7.O-O Na6 8.Re1 Ne4
9.Nxe4 Bxe4 10.Ne5 Bxg2 11.Kxg2 Qc8 12.e4 Qb7 13.Nxd7 Rfd8 14.Ne5 Bf6 15.f4 Bxe5
16.fxe5 b5 17.Bg5 Rd7 18.Qb3 Rb8 19.Rad1 bxc4 20.Qxc4 Qxb2+ 21.Rd2 Qb7  1/2-1/2

[Event "Adolfo Pedrido Mem"]
[Site "Vilagarcia de Arousa ESP"]
[Date "2006.08.31"]
[Round "7"]
[White "Portela Gonzalez,A"]
[Black "Pena Torres,J"]
[Result "0-1"]
[WhiteElo "1788"]
[BlackElo "2151"]

1.c4 Nf6 2.Nf3 e6 3.Nc3 b6 4.d4 Bb4 5.a3 Bxc3+ 6.bxc3 d5 7.cxd5 exd5 8.Bg5 O-O
9.e3 h6 10.Bh4 Qd6 11.Bd3 Ne4 12.Bxe4 dxe4 13.Nd2 f5 14.Bg3 Qe7 15.Qb3+ Be6
16.Qb4 c5 17.Qb2 Nd7 18.Rc1 Rac8 19.Nb3 Bc4 20.Rd1 Qe6 21.Nc1 cxd4 22.cxd4 Nf6
23.Ne2 Nd5 24.Rc1 Rc6 25.Nf4 Nxf4 26.Bxf4 Rfc8 27.Kd2 Qg6 28.Bg3 Qg4 29.Rhe1 Kh7
30.Rc3 Bd3 31.Rxc6 Rxc6 32.h3 Qh5 33.Be5 Rc2+ 34.Qxc2 Bxc2 35.Kxc2 Qf7 36.Rc1 Qa2+
37.Kd1 Qxf2 38.Rc7 Qf1+ 39.Kc2 Qd3+ 40.Kb2 Kg8 41.Rxg7+ Kf8 42.Rg3 Kf7 43.Bf4 a5
44.Bxh6 Qd2+ 45.Kb3 b5 46.Rg7+ Ke6 47.Ra7 a4+ 48.Rxa4 Qd1+ 49.Kb2 bxa4 50.g3 Kd5
51.g4 Kc4  0-1

[Event "3rd Open"]
[Site "Kalamaria GRE"]
[Date "2006.09.06"]
[Round "9"]
[White "Svetushkin,D"]
[Black "Vijayalakshmi,S"]
[Result "1/2-1/2"]
[WhiteElo "2569"]
[BlackElo "2417"]

1.d4 Nf6 2.c4 e6 3.Nf3 b6 4.Nc3 Bb7 5.Bg5 Bb4 6.Nd2 h6 7.Bh4 Bxc3 8.bxc3 d6
9.f3 Nbd7 10.e4 e5 11.Bd3 Nf8 12.O-O Ng6 13.Bf2 Nf4 14.Bc2 O-O 15.Be3 Ne6
16.Re1 c5 17.d5 Ng5 18.Nf1 Nh5 19.Bf2 Bc8 20.Ne3 Nf4 21.h4 Nh7 22.Kh2 h5
23.Rf1 Ng6 24.g3 Nf6 25.Bd3 Ne7 26.Rg1 g6 27.Be1 Kg7 28.Bd2 Nh7 29.g4 hxg4
30.fxg4 Nf6 31.Kg3 Rh8 32.Rh1 Qd7 33.Qf3 Neg8 34.h5 Qe7 35.hxg6 fxg6 36.Rxh8 Kxh8
37.Rh1+ Kg7 38.g5 Nh5+ 39.Rxh5 gxh5 40.Nf5+ Bxf5 41.exf5 e4 42.Qxe4 Qxe4
43.Bxe4 Re8 44.Bf3 Re5 45.f6+ Nxf6 46.gxf6+ Kxf6 47.Bf4 Re1 48.Bxd6 h4+ 49.Kf2 Rc1
50.Bc7 Rc2+ 51.Ke1 Rxc3 52.d6 Rxf3 53.Ke2 Rf4 54.d7 Rd4 55.d8=Q+ Rxd8 56.Bxd8+ Ke5
57.Ke3 h3 58.Bc7+ Ke6 59.a4 Kd7 60.Bb8 Kc8 61.Be5 Kb7 62.Kd3 Kc6 63.Kc3 a6
64.Bh2  1/2-1/2

[Event "ch-AUT"]
[Site "Koeflach AUT"]
[Date "2006.09.06"]
[Round "5"]
[White "Pilaj,H"]
[Black "Zsifkovits,R"]
[Result "1/2-1/2"]
[WhiteElo "2380"]
[BlackElo "2158"]

1.d4 Nf6 2.c4 e6 3.Nf3 b6 4.Nc3 Bb4 5.Bg5 h6 6.Bh4 c5 7.e3 O-O 8.Bd3 cxd4
9.exd4 Bb7 10.O-O Be7 11.Re1 d5 12.Bxf6 Bxf6 13.cxd5 exd5 14.Ne5 Nc6 15.Qg4 Bc8
16.Qf4 Bg5 17.Nxc6 Bxf4 18.Nxd8 Rxd8 19.Nxd5 Bd6 20.Be4 Be6 21.Ne3 Rac8 22.d5 Bd7
23.Rac1 g6 24.g3 Kg7 25.Bd3 b5 26.Rc2 Rxc2 27.Nxc2 Bc5 28.Rc1 Kf6 29.Ne3 Bb6
30.Bf1 Ke5 31.Bg2 h5 32.h4 f5 33.Re1 Kd6 34.Bf3 Rc8 35.Re2 Rc1+ 36.Kh2 Rb1
37.Ng2 Bd4 38.b3 Rf1 39.Nf4 Rxf2+ 40.Rxf2 Bxf2 41.Nxg6 Be8 42.Nf4 Be3 43.Nxh5 Bxh5
44.Bxh5 Kxd5 45.Be2 b4 46.Bd3 Ke5 47.Kg2 Bh6 48.Kf3 Bd2 49.Bc2 Bh6 50.Ke2 Bc1
51.Kd3 Bh6 52.h5 Bc1 53.Ke2 Bh6 54.Kf3 Bc1  1/2-1/2

[Event "ch-AUT"]
[Site "Koeflach AUT"]
[Date "2006.09.07"]
[Round "6"]
[White "Pilaj,H"]
[Black "Diermair,A"]
[Result "1/2-1/2"]
[WhiteElo "2380"]
[BlackElo "2357"]

1.d4 Nf6 2.c4 e6 3.Nf3 b6 4.Nc3 Bb7 5.Bg5 Bb4 6.Nd2 h6 7.Bh4 O-O 8.e4 g5
9.Bg3 Bxe4 10.a3 Bxc3 11.bxc3 Bg6  1/2-1/2

[Event "EU-chG16"]
[Site "Herceg Novi MNE"]
[Date "2006.09.13"]
[Round "4"]
[White "Zhorzholiani,M"]
[Black "Ignacz,M"]
[Result "1-0"]
[WhiteElo "2099"]
[BlackElo "2255"]

1.d4 Nf6 2.c4 e6 3.Nf3 b6 4.Nc3 Bb7 5.Bg5 Be7 6.e3 h6 7.Bh4 Ne4 8.Bxe7 Qxe7
9.Bd3 Nxc3 10.bxc3 c5 11.Rc1 O-O 12.O-O d6 13.Bb1 Nd7 14.Qc2 f5 15.Qe2 Nf6
16.Nd2 Qf7 17.Bc2 Rae8 18.a4 Qg6 19.f3 Qh5 20.Qe1 e5 21.d5 Bc8 22.a5 bxa5
23.Ra1 f4 24.Rxa5 a6 25.Ba4 fxe3 26.Qxe3 Re7 27.Bc2 Ref7 28.Raa1 Nh7 29.Ne4 Rd8
30.Rab1 Nf8 31.Rb6 Rfd7 32.Ba4 Rb7 33.Rxd6 Qh4 34.Nf6+ gxf6 35.Rxd8 Bf5 36.Qxc5 Rf7
37.Be8 Rg7 38.Bg6 Rxg6 39.Qxf8+  1-0

[Event "EU-chG16"]
[Site "Herceg Novi MNE"]
[Date "2006.09.14"]
[Round "5"]
[White "Zhorzholiani,M"]
[Black "Rakic,Ma"]
[Result "0-1"]
[WhiteElo "2099"]
[BlackElo "2128"]

1.d4 Nf6 2.c4 e6 3.Nf3 b6 4.Nc3 Bb4 5.Bg5 Bb7 6.Nd2 h6 7.Bh4 g5 8.Bg3 Bxc3
9.bxc3 d6 10.Qc2 Qe7 11.e4 Nbd7 12.Bd3 e5 13.f3 Nh5 14.Qa4 f5 15.O-O-O f4
16.Bf2 c5 17.d5 Kd8 18.h4 Kc7 19.Rh3 Nhf6 20.hxg5 hxg5 21.Rdh1 Rxh3 22.Rxh3 g4
23.Rh1 g3 24.Be1 Qg7 25.Bf1 Nf8 26.Qb3 Ng6 27.Qa4 a6 28.Kb2 Rh8 29.Rxh8 Qxh8
30.Qb3 Qh1 31.a4 Nh4 32.a5 bxa5 33.Qa4 Nxg2 34.Qxa5+ Kc8 35.Bxg2 Qxg2 36.Qb6 Ne8
37.Qa5 Qe2 38.Kc2 Qxe1  0-1

[Event "ch-EU"]
[Site "Liverpool ENG"]
[Date "2006.09.14"]
[Round "9"]
[White "Pert,N"]
[Black "Devereaux,M"]
[Result "1-0"]
[WhiteElo "2503"]
[BlackElo "2377"]

1.d4 Nf6 2.Nf3 e6 3.c4 b6 4.Nc3 Bb7 5.Bg5 Bb4 6.Nd2 h6 7.Bh4 Bxc3 8.bxc3 d6
9.f3 Nbd7 10.e4 e5 11.Bd3 Qe7 12.Nf1 g5 13.Bf2 exd4 14.cxd4 d5 15.cxd5 Nxd5
16.Ng3 Qb4+ 17.Qd2 Nf4 18.Bf1 Qa4 19.Ne2 O-O-O 20.Nxf4 gxf4 21.Be2 f5 22.O-O fxe4
23.fxe4 Nf6 24.Qxf4 Nxe4 25.Rac1 Rh7 26.Qf5+ Rhd7 27.Bb5 Qxa2 28.Bh4 Ng5
29.Bxd7+ Rxd7 30.Rxc7+ Kxc7 31.Bg3+ Rd6 32.Rc1+ Bc6 33.d5  1-0

[Event "EU-chG16"]
[Site "Herceg Novi MNE"]
[Date "2006.09.18"]
[Round "8"]
[White "Zhorzholiani,M"]
[Black "Ozturk,K"]
[Result "0-1"]
[WhiteElo "2099"]
[BlackElo "2110"]

1.d4 Nf6 2.c4 e6 3.Nf3 b6 4.Nc3 Bb7 5.Bg5 Bb4 6.Nd2 O-O 7.e4 h6 8.Bh4 Be7
9.Bg3 d6 10.Bd3 Nbd7 11.O-O e5 12.d5 Ne8 13.b4 Bg5 14.Nb3 Qe7 15.Rb1 Rb8
16.Qe2 g6 17.f3 Ng7 18.Bf2 f5 19.c5 bxc5 20.bxc5 Bc8 21.cxd6 cxd6 22.Bxa7 Ra8
23.Na5 Nh5 24.Nc6 Qg7 25.g3 Ndf6 26.Bf2 f4 27.Nb5 Qd7 28.Rfd1 fxg3 29.hxg3 Ne8
30.Nba7 Qh3 31.Qf1 Rxf3 32.Qxh3 Bxh3 33.Be2 Rf7 34.Bxh5 gxh5 35.Rb4 Nf6 36.Rdb1 Ng4
37.Rb8+ Rxb8 38.Rxb8+ Kh7 39.Rb2 Nxf2 40.Nc8 Bxc8  0-1

[Event "Vojvodina Quality League m"]
[Site "Sremska Mitrovica SRB"]
[Date "2006.09.22"]
[Round "1"]
[White "Kitic,D"]
[Black "Kostic,Brani"]
[Result "0-1"]
[WhiteElo "2244"]
[BlackElo "2286"]

1.d4 Nf6 2.c4 e6 3.Nf3 b6 4.Nc3 Bb7 5.a3 Be7 6.e3 O-O 7.Bd3 d5 8.cxd5 Nxd5
9.Qc2 h6 10.Nxd5 exd5 11.Ne5 c5 12.Bh7+ Kh8 13.Bf5 Bd6 14.f4 Nc6 15.O-O Bxe5
16.dxe5 Qe7 17.Qd1 Rad8 18.Qh5 d4 19.Bd2 dxe3 20.Be1 Nd4 21.Bh4 Qxh4 22.Qxh4 Nxf5
23.Qh3 Rd2 24.Rfe1 Rxg2+ 25.Qxg2 Bxg2 26.Kxg2 Rd8 27.Rad1 Rd2+ 28.Kf3 Rxb2
29.Ke4 g6 30.Rd7 Kg8 31.Rxa7 e2 32.Ra8+ Kg7 33.Ra7 Nd4 34.Rd7 Ra2 35.Rxd4 cxd4
36.Kxd4 Kf8 37.h4 h5 38.Ke4 Ke7 39.Ke3 f6 40.exf6+ Kxf6 41.Rxe2 Rxe2+ 42.Kxe2 Kf5  0-1